书目信息 |
| 题名: |
花间集
|
|
| 作者: | 赵崇祚 编著 ;墨香斋 译评 | |
| 分册: | ||
| 出版信息: | 北京 中国纺织出版社 2015 |
|
| 页数: | 309页 | |
| 开本: | 24cm | |
| 丛书名: | ||
| 单 册: | ||
| 中图分类: | I222.842 | |
| 科图分类: | ||
| 主题词: | 词(文学)--作品集--中国--唐代 , 五代词--选集 | |
| 电子资源: | ||
| ISBN: | 978-7-5180-1285-5 | |
| 000 | 00991nam0 2200253 45 | |
| 001 | 012001002074 | |
| 005 | 20140926114740.0 | |
| 010 | @a978-7-5180-1285-5@dCNY29.80 | |
| 100 | @a20150920d2015 em y0chiy50 ea | |
| 101 | 0 | @achi |
| 102 | @aCN@b110000 | |
| 105 | @aa z 000gy | |
| 106 | @ar | |
| 200 | 1 | @a花间集@9hua jian ji@e双色插图版@f(后蜀)赵崇祚编著@g墨香斋译评 |
| 210 | @a北京@c中国纺织出版社@d2015 | |
| 215 | @a309页@d24cm | |
| 330 | @a本书是后蜀赵崇祚编辑的一部词集,得名于集中作品内容上,多写上层贵妇人美人日常生活和装饰容貌,女人素以花比,写女人之媚的词集故称“花间”。这些词作都是文人贵族为歌台舞榭享乐生活需要而写,集中而典型地反映了汉民族早期词史上文人词创作的主体取向、审美情趣、体貌风格和艺术成就。 | |
| 606 | 0 | @a词(文学)@x作品集@y中国@z唐代 |
| 606 | 0 | @a五代词@j选集 |
| 690 | @aI222.842@v5 | |
| 701 | 0 | @c(后蜀)@a赵崇祚@9zhao chong zuo@4编著 |
| 702 | 0 | @a墨香斋@9mo xiang zhai@4译评 |
| 801 | 0 | @aCN@b上海新华@c20180901 |
| 905 | @b1160026-30@dI222.842@e663@f5 | |
| 花间集:双色插图版/(后蜀)赵崇祚编著/墨香斋译评.-北京:中国纺织出版社,2015 |
| 309页;24cm |
| ISBN 978-7-5180-1285-5:CNY29.80 |
| 本书是后蜀赵崇祚编辑的一部词集,得名于集中作品内容上,多写上层贵妇人美人日常生活和装饰容貌,女人素以花比,写女人之媚的词集故称“花间”。这些词作都是文人贵族为歌台舞榭享乐生活需要而写,集中而典型地反映了汉民族早期词史上文人词创作的主体取向、审美情趣、体貌风格和艺术成就。 |
| ● |
| 相关链接 |
|
|
|
|
正题名:花间集
索取号:I222.842/663
 
预约/预借
| 序号 | 登录号 | 条形码 | 馆藏地/架位号 | 状态 | 备注 |
| 1 | 1160026 | 211600267 | 第一样本阅览室/ [索取号:I222.842/663] | 在馆 | |
| 2 | 1160027 | 211600276 | 密集书库-文学院/ [索取号:I222.842/663] | 在馆 | |
| 3 | 1160028 | 211600285 | 第二借阅区/ [索取号:I222.842/663] | 在馆 | |
| 4 | 1160029 | 211600294 | 第二借阅区/ [索取号:I222.842/663] | 在馆 | |
| 5 | 1160030 | 211600301 | 第二借阅区/ [索取号:I222.842/663] | 在馆 |